TR-IA-3 Launch information for press : Test rocket "TR-IA" flight NO.3 for microgravity experiments

Gardado en:
Detalles Bibliográficos
Autor Corporativo: National Space Development Agency of Japan
Formato: Libro
Idioma:Undetermined
Publicado: Tokyo National Space Development Agency of Japan 1993
Những chủ đề:
Các nhãn: Engadir etiqueta
Sen Etiquetas, Sexa o primeiro en etiquetar este rexistro!
Thư viện lưu trữ: Trung tâm Học liệu Trường Đại học Cần Thơ
LEADER 00699nam a2200217Ia 4500
001 CTU_98174
008 210402s9999 xx 000 0 und d
082 |a 629.432 
082 |b N277 
110 |a National Space Development Agency of Japan 
245 0 |a TR-IA-3 Launch information for press : 
245 0 |b Test rocket "TR-IA" flight NO.3 for microgravity experiments 
245 0 |c National Space Development Agency of Japan 
260 |a Tokyo 
260 |b National Space Development Agency of Japan 
260 |c 1993 
650 |a Launching,Rocket 
650 |x Microgravity experiments 
650 |z Japan 
904 |i Năm 
980 |a Trung tâm Học liệu Trường Đại học Cần Thơ